[Event "US Open-120"]
[Site "Orlando"]
[Date "2019.08.09"]
[Round "6"]
[White "Mesa, Teofilo"]
[Black "Nguyen, Emily"]
[Result "0-1"]
[WhiteElo "2077"]
[BlackElo "2105"]
[PlyCount "88"]
[EventDate "2019.08.03"]
[EventType "swiss"]
[EventRounds "9"]
[EventCountry "USA"]
[SourceTitle "CBM 191 Extra"]
[Source "ChessBase"]
[SourceDate "2019.09.30"]
[SourceVersion "1"]
[SourceVersionDate "2019.09.30"]
[SourceQuality "1"]

1. c4 e5 2. g3 Nf6 3. Bg2 Bc5 4. Nc3 c6 5. Nf3 e4 6. Ng5 d5 7. cxd5 cxd5 8. d4 Be7 9. 0-0 0-0 10. f3 h6 11. Nh3 exf3 12. Rxf3 Nc6 13. Rf1 Bxh3 14. Bxh3 Qb6 15. e3 Na5 16. Bg2 Rad8 17. Rf5 Nc4 18. Qe2 Qe6 19. Rf4 Rfe8 20. b3 Nb6 21. Nb5 Bd6 22. Nxd6 Rxd6 23. Bd2 Nc8 24. Raf1 Rc6 25. Qd3 Nd6 26. a4 Nde4 27. Bxe4 dxe4 28. Qb1 Rec8 29. Qd1 Rc2 30. b4 Ra2 31. R4f2 Ng4 32. Rf5 h5 33. Rc5 Rxc5 34. bxc5 Qc4 35. h3 Nf6 36. Rf2 Rxa4 37. Qb1 Ra2 38. Qxb7 Rxd2 39. Qc8+ Kh7 40. Qf5+ Kh8 41. g4 Rd1+ 42. Kh2 Qc1 43. Kg3 Qxe3+ 44. Kh4 g5+ 0-1

[Event "Santo Domingo Duarte Memorial 8th"]
[Site "Santo Domingo"]
[Date "2019.01.26"]
[Round "6"]
[White "Jimenez Matos, Jimmy"]
[Black "Mesa, Teofilo"]
[Result "0-1"]
[WhiteElo "1884"]
[BlackElo "2064"]
[PlyCount "60"]
[EventDate "2019.01.18"]
[EventType "swiss"]
[EventRounds "8"]
[EventCountry "DOM"]
[SourceTitle "CBM 188 Extra"]
[Source "ChessBase"]
[SourceDate "2019.02.26"]
[SourceVersion "1"]
[SourceVersionDate "2019.02.26"]
[SourceQuality "1"]

1. d4 Nf6 2. Nf3 g6 3. Bf4 Bg7 4. e3 0-0 5. Bd3 d6 6. Nbd2 Nc6 7. 0-0 h6 8. c3 e5 9. Bg3 Nh5 10. Bh4 Qe8 11. dxe5 dxe5 12. Be2 g5 13. Bg3 f5 14. Bxe5 Nxe5 15. Nxe5 Qxe5 16. Bxh5 g4 17. e4 Qf6 18. f4 fxe4 19. Nxe4 Qe7 20. Ng3 Rd8 21. Qb3+ Be6 22. Qc2 Qc5+ 23. Kh1 Bc4 24. Rfd1 Rf8 25. Bxg4 Rxf4 26. Bf3 Raf8 27. Qd2 c6 28. Ne2 Rxf3 29. gxf3 Bd5 30. Rf1 Rxf3 0-1

[Event "Santo Domingo Duarte Memorial 8th"]
[Site "Santo Domingo"]
[Date "2019.01.26"]
[Round "7"]
[White "Mesa, Teofilo"]
[Black "Jaquez, Juan Manuel"]
[Result "1/2-1/2"]
[WhiteElo "2064"]
[BlackElo "2218"]
[PlyCount "68"]
[EventDate "2019.01.18"]
[EventType "swiss"]
[EventRounds "8"]
[EventCountry "DOM"]
[SourceTitle "CBM 188 Extra"]
[Source "ChessBase"]
[SourceDate "2019.02.26"]
[SourceVersion "1"]
[SourceVersionDate "2019.02.26"]
[SourceQuality "1"]

1. d4 Nf6 2. c4 g6 3. Nc3 Bg7 4. e4 d6 5. Nf3 0-0 6. Be2 e5 7. 0-0 Nc6 8. d5 Ne7 9. Nd2 a5 10. a3 Nd7 11. Rb1 f5 12. b4 Kh8 13. Nb3 axb4 14. axb4 Ng8 15. c5 Ngf6 16. exf5 gxf5 17. Nb5 dxc5 18. bxc5 c6 19. dxc6 bxc6 20. Nd6 Nd5 21. Qc2 Qf6 22. Rd1 Ba6 23. Bxa6 Rxa6 24. Qc4 Rfa8 25. Rxd5 cxd5 26. Qxd5 h6 27. f4 Kh7 28. Bb2 Ra2 29. c6 Nb6 30. Qxe5 Rxb2 31. Rxb2 Qg6 32. Qe7 Nd5 33. Qc7 Nb6 34. Qe7 Nd5 1/2-1/2

[Event "Santo Domingo Duarte Memorial 8th"]
[Site "Santo Domingo"]
[Date "2019.01.20"]
[Round "4"]
[White "Toro Rojas, Freddy Alberto"]
[Black "Mesa, Teofilo"]
[Result "0-1"]
[WhiteElo "1958"]
[BlackElo "2064"]
[PlyCount "46"]
[EventDate "2019.01.18"]
[EventType "swiss"]
[EventRounds "8"]
[EventCountry "DOM"]
[SourceTitle "CBM 188 Extra"]
[Source "ChessBase"]
[SourceDate "2019.02.26"]
[SourceVersion "1"]
[SourceVersionDate "2019.02.26"]
[SourceQuality "1"]

1. d4 Nf6 2. c4 g6 3. Nc3 Bg7 4. e4 d6 5. f3 0-0 6. Be3 Nc6 7. Nge2 a6 8. g4 Bxg4 9. fxg4 Nxg4 10. Qd2 e5 11. d5 Qh4+ 12. Ng3 Nd4 13. Bxd4 exd4 14. Nce2 Rae8 15. Qd3 f5 16. 0-0-0 Nf2 17. Qb3 Nxd1 18. Qxd1 f4 19. Bg2 f3 20. Qf1 fxg2 21. Qxg2 Qg5+ 22. Kb1 Qd2 23. Rc1 d3 0-1

[Event "DOM-ch"]
[Site "Santo Domingo"]
[Date "2018.05.04"]
[Round "9"]
[White "Mesa, Teofilo"]
[Black "Sanchez, Jose Rafael"]
[Result "0-1"]
[WhiteElo "2094"]
[BlackElo "2152"]
[PlyCount "66"]
[EventDate "2018.04.20"]
[EventType "swiss"]
[EventRounds "11"]
[EventCountry "DOM"]
[SourceTitle "CBM 184 Extra"]
[Source "ChessBase"]
[SourceDate "2018.06.28"]
[SourceVersion "1"]
[SourceVersionDate "2018.06.28"]
[SourceQuality "1"]

1. Nf3 d5 2. c4 c6 3. b3 Nf6 4. Bb2 Bf5 5. g3 Nbd7 6. Bg2 e6 7. 0-0 Bd6 8. d3 h5 9. e4 dxe4 10. dxe4 Nxe4 11. Bxg7 Rg8 12. Nc3 Qc7 13. Nxe4 Bxe4 14. Qd4 Bxf3 15. Bxf3 e5 16. Bxe5 Bxe5 17. Rae1 0-0-0 18. Qxa7 h4 19. Re2 hxg3 20. fxg3 Qd6 21. Kh1 Bd4 22. Qa8+ Kc7 23. Qa4 Kb8 24. Bg2 Ne5 25. Rf4 f6 26. Rd2 c5 27. Bd5 Be3 28. Qb5 Qc7 29. Re2 Bxf4 30. gxf4 Rxd5 31. cxd5 Qd6 32. Rd2 Nf3 33. Rd1 Qxd5 0-1

[Event "DOM-ch"]
[Site "Santo Domingo"]
[Date "2018.04.28"]
[Round "7"]
[White "Mesa, Teofilo"]
[Black "Crispin Ferreras, Darvi Abraham"]
[Result "0-1"]
[WhiteElo "2094"]
[BlackElo "2190"]
[PlyCount "100"]
[EventDate "2018.04.20"]
[EventType "swiss"]
[EventRounds "11"]
[EventCountry "DOM"]
[SourceTitle "CBM 184 Extra"]
[Source "ChessBase"]
[SourceDate "2018.06.28"]
[SourceVersion "1"]
[SourceVersionDate "2018.06.28"]
[SourceQuality "1"]

1. c4 e5 2. g3 Nf6 3. Bg2 Nc6 4. Nc3 Bb4 5. e3 0-0 6. Nge2 Ne7 7. a3 Bxc3 8. Nxc3 d5 9. cxd5 Nexd5 10. Qc2 c6 11. 0-0 Bg4 12. d3 Qc8 13. Re1 Rd8 14. b4 Nxc3 15. Qxc3 Qf5 16. e4 Qh5 17. Bb2 Rd4 18. Qc5 Rxd3 19. Qxe5 Qxe5 20. Bxe5 Rad8 21. Bf1 Rd1 22. Raxd1 Rxd1 23. Rxd1 Bxd1 24. Bxf6 gxf6 25. f4 Kf8 26. Kf2 Ke7 27. Ke3 Bc2 28. Bh3 b6 29. Bf5 h6 30. h4 Bb3 31. Bg4 Kd6 32. Be2 c5 33. bxc5+ Kxc5 34. h5 Kd6 35. Kd4 Ke7 36. Bg4 Bc2 37. Bf5 Bd1 38. g4 Bb3 39. Kc3 Bd1 40. Kc4 a6 41. Kd5 Ba4 42. Bc8 a5 43. e5 fxe5 44. fxe5 f6 45. Bf5 b5 46. e6 Bd1 47. Kc5 Be2 48. Kd5 b4 49. axb4 axb4 50. Kd4 Kd6 0-1

[Event "DOM-ch"]
[Site "Santo Domingo"]
[Date "2018.04.27"]
[Round "5"]
[White "Mesa, Teofilo"]
[Black "Ramirez Reyes, Braulio Fernando"]
[Result "1-0"]
[WhiteElo "2094"]
[BlackElo "2121"]
[PlyCount "139"]
[EventDate "2018.04.20"]
[EventType "swiss"]
[EventRounds "11"]
[EventCountry "DOM"]
[SourceTitle "CBM 184 Extra"]
[Source "ChessBase"]
[SourceDate "2018.06.28"]
[SourceVersion "1"]
[SourceVersionDate "2018.06.28"]
[SourceQuality "1"]

1. d4 d5 2. Bf4 f5 3. e3 Nf6 4. Nf3 e6 5. c4 c6 6. Nc3 Bd6 7. cxd5 exd5 8. Bd3 0-0 9. 0-0 Ne4 10. Qb3 Kh8 11. Bxe4 fxe4 12. Bxd6 Qxd6 13. Ne5 Nd7 14. f4 exf3 15. Nxf3 Qe7 16. Rae1 Nf6 17. Ne5 Ng4 18. Rxf8+ Qxf8 19. Rf1 Qe7 20. Rf7 Qe8 21. Qb4 Kg8 22. Re7 Qf8 23. Nxg4 Bxg4 24. Qxb7 Re8 25. Rxe8 Qxe8 26. Kf2 h5 27. Qxa7 Qf8+ 28. Ke1 Qb4 29. Qa3 Qc4 30. Qa8+ Kh7 31. Qf8 Qd3 32. Qf2 Qg6 33. h3 Bf5 34. Kd2 Bd3 35. g4 Ba6 36. e4 dxe4 37. Ke3 Bc8 38. Qh4 Qh6+ 39. Kxe4 Qe6+ 40. Kd3 Ba6+ 41. Kd2 Qg6 42. Qg3 Qf6 43. Qe3 h4 44. Ne4 Qf1 45. Nc5 Bc4 46. b3 Qg2+ 47. Kc3 Qg3 48. Kd2 Qg2+ 49. Kc1 Bd5 50. a4 Bf3 51. Ne6 Qh1+ 52. Kb2 Qh2+ 53. Kc3 Bd5 54. Nf4 Bf7 55. a5 g5 56. Nd3 Qa2 57. Qxg5 Qxb3+ 58. Kd2 Bg6 59. Qxh4+ Kg8 60. Qd8+ Kh7 61. Nc5 Qc2+ 62. Ke3 Qc1+ 63. Kf3 Qf1+ 64. Kg3 Qg1+ 65. Kf4 Qf2+ 66. Kg5 Qe3+ 67. Kf6 Qf4+ 68. Ke7 Qg5+ 69. Kd7 Qf5+ 70. Ne6 1-0

[Event "DOM-ch"]
[Site "Santo Domingo"]
[Date "2018.04.21"]
[Round "2"]
[White "Medina Medina, Freddy Alberto"]
[Black "Mesa, Teofilo"]
[Result "0-1"]
[WhiteElo "1805"]
[BlackElo "2094"]
[PlyCount "62"]
[EventDate "2018.04.20"]
[EventType "swiss"]
[EventRounds "11"]
[EventCountry "DOM"]
[SourceTitle "CBM 184 Extra"]
[Source "ChessBase"]
[SourceDate "2018.06.28"]
[SourceVersion "1"]
[SourceVersionDate "2018.06.28"]
[SourceQuality "1"]

1. d4 Nf6 2. Bf4 d6 3. Nf3 c6 4. e3 g6 5. Bd3 Bg7 6. c3 0-0 7. Nbd2 Re8 8. Qc2 Nbd7 9. h3 e5 10. Bh2 Qe7 11. dxe5 dxe5 12. e4 Nh5 13. 0-0-0 Nc5 14. Nb3 Be6 15. g4 Nf4 16. Bxf4 exf4 17. Nfd4 Bxd4 18. Nxd4 Bxa2 19. f3 Red8 20. Be2 Rxd4 21. Rxd4 Nb3+ 22. Kd1 Nxd4 23. cxd4 Rd8 24. Qa4 Qc5 25. Qxa2 Rxd4+ 26. Ke1 Qc1+ 27. Kf2 Qxh1 28. Qxa7 Qh2+ 29. Kf1 Rd2 30. Qb8+ Kg7 31. Qe5+ Kh6 0-1

[Event "Santo Domingo op11"]
[Site "Santo Domingo"]
[Date "2017.11.25"]
[Round "6"]
[White "Mesa, Teofilo"]
[Black "Garcia Cruz, Hector Osiris"]
[Result "1-0"]
[WhiteElo "2116"]
[BlackElo "2000"]
[PlyCount "88"]
[EventDate "2017.11.17"]
[EventType "swiss"]
[EventRounds "8"]
[EventCountry "DOM"]
[SourceTitle "CBM 181 Extra"]
[Source "ChessBase"]
[SourceDate "2017.12.12"]
[SourceVersion "1"]
[SourceVersionDate "2017.12.12"]
[SourceQuality "1"]

1. d4 Nf6 2. Nc3 d5 3. Bf4 c6 4. e3 g6 5. Bd3 Bg7 6. Nge2 0-0 7. Qd2 Nbd7 8. h4 Re8 9. Be5 Nxe5 10. dxe5 Ne4 11. Bxe4 dxe4 12. Qd4 Qa5 13. 0-0-0 Bg4 14. Qxe4 Bxe2 15. Nxe2 Qxa2 16. c3 Rad8 17. Kc2 Qa6 18. Ng3 Qb5 19. f4 h5 20. Rd4 c5 21. Rd5 e6 22. Rdd1 a5 23. b3 Bf8 24. Qa4 Qxa4 25. bxa4 Be7 26. Ne4 c4 27. g3 Rd5 28. Rd4 Rxd4 29. exd4 b6 30. Rb1 Rb8 31. Nd2 Kg7 32. Nxc4 f6 33. Rxb6 Rxb6 34. Nxb6 fxe5 35. fxe5 g5 36. hxg5 Bxg5 37. Nc4 Bd8 38. Kd3 Kg6 39. Ke4 Kg5 40. Kf3 Kf5 41. Nd6+ Kg6 42. c4 Bb6 43. c5 Bc7 44. Nb5 Bb8 1-0

[Event "Santo Domingo op11"]
[Site "Santo Domingo"]
[Date "2017.11.19"]
[Round "4"]
[White "Mesa Cruz, Juan Carlos"]
[Black "Mesa, Teofilo"]
[Result "1-0"]
[WhiteElo "1579"]
[BlackElo "2116"]
[PlyCount "73"]
[EventDate "2017.11.17"]
[EventType "swiss"]
[EventRounds "8"]
[EventCountry "DOM"]
[SourceTitle "CBM 181 Extra"]
[Source "ChessBase"]
[SourceDate "2017.12.12"]
[SourceVersion "1"]
[SourceVersionDate "2017.12.12"]
[SourceQuality "1"]

1. e4 g6 2. d4 c6 3. Nc3 Bg7 4. Bc4 d6 5. Nf3 Nh6 6. h3 b5 7. Bb3 b4 8. Ne2 a5 9. c3 d5 10. exd5 cxd5 11. Ba4+ Bd7 12. Ne5 Ra6 13. Nf4 e6 14. Nfd3 Ra8 15. Nxd7 Nxd7 16. Nc5 Ra7 17. cxb4 Nf5 18. Bxd7+ Rxd7 19. Qa4 Bxd4 20. Qxd7+ Qxd7 21. Nxd7 Kxd7 22. bxa5 Ra8 23. Rb1 Rxa5 24. a3 Nd6 25. Ke2 Rb5 26. f3 e5 27. b3 Nf5 28. Kd3 Ng3 29. Re1 Rc5 30. Bb2 Bxb2 31. Rxb2 Kd6 32. b4 Rc4 33. b5 f5 34. b6 Rc8 35. b7 Rb8 36. a4 e4+ 37. Ke3 1-0

[Event "Santo Domingo op11"]
[Site "Santo Domingo"]
[Date "2017.11.18"]
[Round "2"]
[White "Mesa, Teofilo"]
[Black "Toro Rojas, Freddy Alberto"]
[Result "1-0"]
[WhiteElo "2116"]
[BlackElo "1939"]
[PlyCount "73"]
[EventDate "2017.11.17"]
[EventType "swiss"]
[EventRounds "8"]
[EventCountry "DOM"]
[SourceTitle "CBM 181 Extra"]
[Source "ChessBase"]
[SourceDate "2017.12.12"]
[SourceVersion "1"]
[SourceVersionDate "2017.12.12"]
[SourceQuality "1"]

1. c4 e5 2. g3 Nf6 3. Nc3 d6 4. Bg2 Be7 5. Nf3 0-0 6. 0-0 Nc6 7. Rb1 Bf5 8. d3 Qd7 9. Re1 Bh3 10. Bh1 h6 11. b4 Rfe8 12. b5 Nd8 13. d4 Bf8 14. e4 Bg4 15. Qd3 Bxf3 16. Bxf3 exd4 17. Ne2 Ng4 18. Qxd4 Ne5 19. Bg2 Ne6 20. Qc3 f6 21. f4 Nf7 22. Bb2 Nc5 23. Qc2 a6 24. a4 axb5 25. axb5 Nd8 26. Rbd1 Kh8 27. e5 fxe5 28. fxe5 Nf7 29. Nf4 Ra2 30. e6 Nxe6 31. Nxe6 Rxb2 32. Nxf8 Rxc2 33. Nxd7 Rd8 34. Re7 Ng5 35. h4 Nh7 36. Rde1 Nf6 37. Nxf6 1-0

[Event "Santo Domingo op11"]
[Site "Santo Domingo"]
[Date "2017.11.17"]
[Round "1"]
[White "Almanzar Vasquez, Jennifer Maria"]
[Black "Mesa, Teofilo"]
[Result "0-1"]
[WhiteElo "1791"]
[BlackElo "2116"]
[PlyCount "88"]
[EventDate "2017.11.17"]
[EventType "swiss"]
[EventRounds "8"]
[EventCountry "DOM"]
[SourceTitle "CBM 181 Extra"]
[Source "ChessBase"]
[SourceDate "2017.12.12"]
[SourceVersion "1"]
[SourceVersionDate "2017.12.12"]
[SourceQuality "1"]

1. e4 c5 2. Nf3 d6 3. d4 cxd4 4. Nxd4 Nf6 5. Nc3 g6 6. Bg5 Bg7 7. Bb5+ Nbd7 8. Qd2 h6 9. Be3 Ng4 10. Be2 Nxe3 11. Qxe3 Qb6 12. 0-0-0 0-0 13. h4 Nf6 14. Rhf1 Ng4 15. Qd3 a6 16. Nd5 Qd8 17. f4 e5 18. fxe5 dxe5 19. Nb3 Qxh4 20. Nb6 Rb8 21. Nxc8 Rbxc8 22. Bxg4 Qxg4 23. Qf3 Qxf3 24. Rxf3 Rc4 25. Nd2 Rd4 26. c3 Rd7 27. Nc4 Rxd1+ 28. Kxd1 f5 29. Ke2 b5 30. Nd6 f4 31. Nb7 g5 32. Nc5 Rf6 33. Rd3 g4 34. Rd8+ Kh7 35. Nd3 f3+ 36. gxf3 Rxf3 37. Re8 Rh3 38. Nxe5 h5 39. Nd3 Bh6 40. Re7+ Kg8 41. Re6 Kg7 42. Nf2 Rh2 43. Kf1 g3 44. Nh1 g2+ 0-1

[Event "Santo Domingo Guzman Cup"]
[Site "Santo Domingo"]
[Date "2017.10.29"]
[Round "8"]
[White "Acevedo Vargas, Julio"]
[Black "Mesa, Teofilo"]
[Result "0-1"]
[WhiteElo "1945"]
[BlackElo "2116"]
[PlyCount "62"]
[EventDate "2017.10.20"]
[EventType "swiss"]
[EventRounds "8"]
[EventCountry "DOM"]
[SourceTitle "CBM 181 Extra"]
[Source "ChessBase"]
[SourceDate "2017.12.12"]
[SourceVersion "1"]
[SourceVersionDate "2017.12.12"]
[SourceQuality "1"]

1. d4 Nf6 2. Nf3 d6 3. Nc3 g6 4. e4 Bg7 5. Be3 0-0 6. Qd2 Ng4 7. Bf4 e5 8. Bg5 f6 9. Bc4+ Kh8 10. Bh4 Nc6 11. h3 exd4 12. Nxd4 Nge5 13. Bd5 Nxd4 14. Qxd4 g5 15. Bg3 f5 16. Bxe5 Bxe5 17. Qd2 Qf6 18. g3 c6 19. Bb3 fxe4 20. 0-0-0 d5 21. h4 gxh4 22. Rxh4 Qxh4 23. gxh4 Bf4 24. Kb1 Bxd2 25. Rxd2 Rf4 26. h5 Rh4 27. h6 Rxh6 28. a4 Be6 29. Ne2 Rg8 30. Ng3 e3 31. fxe3 Rxg3 0-1

[Event "DOM-ch"]
[Site "Santo Domingo"]
[Date "2017.05.07"]
[Round "11"]
[White "Mendez, Ruddy Antonio"]
[Black "Mesa, Teofilo"]
[Result "0-1"]
[WhiteElo "2088"]
[BlackElo "2103"]
[PlyCount "108"]
[EventDate "2017.04.21"]
[EventType "swiss"]
[EventRounds "11"]
[EventCountry "DOM"]
[SourceTitle "EXT 2018"]
[Source "ChessBase"]
[SourceDate "2017.10.13"]
[SourceVersion "1"]
[SourceVersionDate "2017.10.13"]
[SourceQuality "1"]

1. d4 d6 2. Nf3 Nf6 3. c4 Nbd7 4. Nc3 e5 5. e4 Be7 6. g3 0-0 7. Bg2 c6 8. 0-0 Qc7 9. h3 Rd8 10. Be3 Nf8 11. Rc1 Ng6 12. Re1 h6 13. Qe2 Nh7 14. Qd2 Rf8 15. g4 Nh4 16. Nxh4 Bxh4 17. Ne2 Qe7 18. Rf1 h5 19. gxh5 Ng5 20. Kh2 Bxh3 21. Rg1 Bxg2 22. Kxg2 Nxe4 23. Qd3 f5 24. Kf1 Kh8 25. h6 g5 26. f3 g4 27. fxg4 fxg4+ 28. Kg2 d5 29. cxd5 cxd5 30. Rcf1 Rf3 31. dxe5 Raf8 32. Qd4 Kh7 33. Bf4 Qe6 34. Qxa7 Rf2+ 35. Rxf2 Bxf2 36. Qa3 Bc5 37. Qd3 Bxg1 38. Kxg1 Rxf4 39. Nxf4 Qb6+ 40. Kh2 Qxh6+ 41. Kg2 Qxf4 42. e6 Qf3+ 43. Qxf3 gxf3+ 44. Kxf3 Ng5+ 45. Kf4 Nxe6+ 46. Ke5 d4 47. Ke4 Kg6 48. a4 Kf6 49. b4 Ke7 50. a5 Kd6 51. b5 Kc7 52. a6 bxa6 53. bxa6 Kb6 54. a7 Kxa7 0-1

[Event "DOM-ch"]
[Site "Santo Domingo"]
[Date "2017.05.05"]
[Round "9"]
[White "Reyes Capellan, Elby"]
[Black "Mesa, Teofilo"]
[Result "1-0"]
[WhiteElo "2029"]
[BlackElo "2103"]
[PlyCount "67"]
[EventDate "2017.04.21"]
[EventType "swiss"]
[EventRounds "11"]
[EventCountry "DOM"]
[SourceTitle "CBM 178 Extra"]
[Source "ChessBase"]
[SourceDate "2017.06.22"]
[SourceVersion "1"]
[SourceVersionDate "2017.06.22"]
[SourceQuality "1"]

1. c4 c5 2. Nf3 g6 3. Nc3 Bg7 4. d4 cxd4 5. Nxd4 Nc6 6. Nc2 Nf6 7. g3 0-0 8. Bg2 d6 9. 0-0 Bd7 10. b3 Rc8 11. Bb2 a6 12. e4 Ng4 13. h3 Nh6 14. Rb1 f5 15. exf5 Nxf5 16. Nd5 Ne5 17. Nf4 b5 18. Bd5+ Kh8 19. Nd4 Nxd4 20. Bxd4 bxc4 21. bxc4 Rb8 22. Rxb8 Qxb8 23. c5 Qc8 24. cxd6 exd6 25. h4 Bc6 26. Bxc6 Qxc6 27. Bxe5 Bxe5 28. Ne6 Rb8 29. Ng5 Rf8 30. Qb3 Bd4 31. Ne6 Bg7 32. Nxf8 Bxf8 33. Qf7 Bg7 34. Re1 1-0

[Event "Santo Domingo Inmortales op"]
[Site "Santo Domingo"]
[Date "2016.11.18"]
[Round "1"]
[White "Mieses Hernandez, Diomedes Ernesto"]
[Black "Mesa, Teofilo"]
[Result "1-0"]
[WhiteElo "1905"]
[BlackElo "2121"]
[PlyCount "149"]
[EventDate "2016.11.18"]
[EventType "swiss"]
[EventRounds "8"]
[EventCountry "DOM"]
[SourceTitle "EXT 2018"]
[Source "ChessBase"]
[SourceDate "2017.10.13"]
[SourceVersion "1"]
[SourceVersionDate "2017.10.13"]
[SourceQuality "1"]

1. d4 Nf6 2. c4 d6 3. Nc3 Nbd7 4. Nf3 g6 5. Bg5 Bg7 6. e4 h6 7. Bd2 e5 8. d5 Nc5 9. Qc2 a5 10. Be2 0-0 11. 0-0 Nh5 12. Be3 b6 13. Nd2 Nf4 14. Bf3 Ncd3 15. a3 g5 16. Kh1 g4 17. Bd1 Nc5 18. Qb1 Ng6 19. b4 axb4 20. axb4 Rxa1 21. Qxa1 Nd3 22. Qa3 Ndf4 23. Bc2 Qh4 24. Nb5 Ne2 25. Bd1 Nd4 26. Nxc7 f5 27. Bxd4 exd4 28. Qg3 Qg5 29. f4 Qe7 30. exf5 Nh4 31. Bxg4 Bxf5 32. Ne6 Ra8 33. Bxf5 Nxf5 34. Qd3 Ne3 35. Re1 Ra2 36. g3 Ng4 37. Kg1 Qf7 38. Re2 Ra1+ 39. Nf1 Ne5 40. Qe4 d3 41. Rf2 Ng4 42. Rd2 Ne5 43. Kg2 Rb1 44. f5 Bf6 45. Ne3 Rxb4 46. Ra2 Qh5 47. Nf4 Qe8 48. Ng6 b5 49. Nxe5 Bxe5 50. Qxd3 bxc4 51. Nxc4 Bf6 52. Nxd6 Qb8 53. Ne4 Rb2+ 54. Rxb2 Qxb2+ 55. Kh3 Bd8 56. d6 Qe5 57. Qc4+ Kg7 58. Qe6 Qa1 59. d7 Qf1+ 60. Kg4 Qd1+ 61. Kf4 Qc1+ 62. Kf3 Qh1+ 63. Kf4 Qc1+ 64. Kf3 Qh1+ 65. Ke3 Qc1+ 66. Nd2 Bg5+ 67. Ke4 Qxd2 68. h4 Qg2+ 69. Kd4 Qd2+ 70. Kc4 Bf6 71. Kb5 Qb2+ 72. Ka6 Qa3+ 73. Kb7 Qb2+ 74. Qb6 Qg2+ 75. Qc6 1-0

[Event "DOM-ch"]
[Site "Santo Domingo"]
[Date "2016.04.17"]
[Round "11"]
[White "Mendez, David"]
[Black "Mesa, Teofilo"]
[Result "1-0"]
[WhiteElo "2148"]
[BlackElo "2125"]
[PlyCount "103"]
[EventDate "2016.04.01"]
[EventType "swiss"]
[EventRounds "11"]
[EventCountry "DOM"]
[SourceTitle "CBM 171 Extra"]
[Source "ChessBase"]
[SourceDate "2016.04.26"]
[SourceVersion "1"]
[SourceVersionDate "2016.04.26"]
[SourceQuality "1"]

1. Nf3 Nf6 2. g3 g6 3. Bg2 Bg7 4. d4 0-0 5. 0-0 d6 6. c4 Nc6 7. Nc3 Rb8 8. e4 a6 9. Qe2 e5 10. d5 Nd4 11. Qd3 Nd7 12. b4 c5 13. b5 f5 14. a4 Nf6 15. Nh4 Nh5 16. Rb1 a5 17. Bd2 Nf4 18. Bxf4 exf4 19. Nf3 fxg3 20. hxg3 f4 21. gxf4 Rxf4 22. Nxd4 cxd4 23. Ne2 Rg4 24. f3 Rg5 25. Kf2 Qf6 26. Rh1 Bd7 27. Rh2 Rf8 28. Rbh1 h5 29. Ke1 b6 30. f4 Rxg2 31. Rxg2 Bg4 32. Rf2 g5 33. Rhf1 gxf4 34. Nxf4 Qg5 35. Ne2 Rxf2 36. Rxf2 Be5 37. Qd2 Qh4 38. Qh6 d3 39. Qf8+ Kh7 40. Kd2 Qxf2 41. Qxf2 dxe2 42. c5 dxc5 43. d6 Bd4 44. Qh4 c4 45. d7 c3+ 46. Kc2 Bf6 47. Qxf6 e1Q 48. d8Q Qe2+ 49. Kxc3 Qe3+ 50. Kc2 Qe2+ 51. Qd2 Qc4+ 52. Kb2 1-0

[Event "DOM-ch"]
[Site "Santo Domingo"]
[Date "2016.04.09"]
[Round "7"]
[White "Alvarado Sepulveda, Nelson D"]
[Black "Mesa, Teofilo"]
[Result "1-0"]
[WhiteElo "2196"]
[BlackElo "2125"]
[PlyCount "75"]
[EventDate "2016.04.01"]
[EventType "swiss"]
[EventRounds "11"]
[EventCountry "DOM"]
[SourceTitle "CBM 171 Extra"]
[Source "ChessBase"]
[SourceDate "2016.04.26"]
[SourceVersion "1"]
[SourceVersionDate "2016.04.26"]
[SourceQuality "1"]

1. e4 d6 2. d4 c6 3. Nc3 Nd7 4. Nf3 e5 5. dxe5 dxe5 6. Bc4 Be7 7. Ng5 Bxg5 8. Qh5 g6 9. Qxg5 Qxg5 10. Bxg5 Nc5 11. 0-0-0 Ne6 12. Be3 Nf6 13. f3 0-0 14. a4 Re8 15. g3 Kg7 16. Rhf1 Nf8 17. f4 Ne6 18. f5 Ng4 19. Bg1 gxf5 20. h3 Nh6 21. exf5 Nd4 22. g4 f6 23. Bxd4 exd4 24. Rxd4 Nf7 25. Bxf7 Kxf7 26. Ne4 Re7 27. g5 fxg5 28. Nxg5+ Kf6 29. h4 Bd7 30. Rd6+ Ke5 31. Rh6 Ree8 32. Rxh7 Bxf5 33. Rxb7 Bg6 34. b3 Rh8 35. Rg7 Be8 36. Kb2 Rxh4 37. Rf8 Rh5 38. Rgg8 1-0

[Event "DOM-ch"]
[Site "Santo Domingo"]
[Date "2016.04.02"]
[Round "3"]
[White "Pinal, Nelson Borges"]
[Black "Mesa, Teofilo"]
[Result "1-0"]
[WhiteElo "2305"]
[BlackElo "2125"]
[PlyCount "71"]
[EventDate "2016.04.01"]
[EventType "swiss"]
[EventRounds "11"]
[EventCountry "DOM"]
[SourceTitle "CBM 171 Extra"]
[Source "ChessBase"]
[SourceDate "2016.04.26"]
[SourceVersion "1"]
[SourceVersionDate "2016.04.26"]
[SourceQuality "1"]

1. e4 d6 2. d4 c6 3. Nc3 Nf6 4. g3 g6 5. Bg2 Bg7 6. Nge2 0-0 7. 0-0 e5 8. h3 Nbd7 9. Be3 Re8 10. f4 Nf8 11. dxe5 dxe5 12. f5 h6 13. g4 N6h7 14. Qxd8 Rxd8 15. Rfd1 Re8 16. Rd6 g5 17. Rad1 Nf6 18. Ng3 N8d7 19. Kf2 Bf8 20. R6d2 Bc5 21. Bxc5 Nxc5 22. Rd6 Ncd7 23. Nh5 Nxh5 24. gxh5 Nb6 25. Bf1 Kg7 26. b4 f6 27. a4 Re7 28. a5 Nd7 29. b5 Nb8 30. Bc4 a6 31. Rd8 Bd7 32. bxa6 bxa6 33. Rg8+ Kh7 34. Na4 Re8 35. Rxe8 Bxe8 36. Rd8 1-0

[Event "Santo Domingo Duarte Memorial 5th"]
[Site "Santo Domingo"]
[Date "2016.01.15"]
[Round "5"]
[White "Reyes Capellan, Elby"]
[Black "Mesa, Teofilo"]
[Result "0-1"]
[WhiteElo "2008"]
[BlackElo "2137"]
[PlyCount "88"]
[EventDate "2016.01.08"]
[EventType "swiss"]
[EventRounds "8"]
[EventCountry "DOM"]
[SourceTitle "CBM 170 Extra"]
[Source "ChessBase"]
[SourceDate "2016.02.25"]
[SourceVersion "1"]
[SourceVersionDate "2016.02.25"]
[SourceQuality "1"]

1. c4 Nf6 2. Nc3 g6 3. g3 Bg7 4. Bg2 0-0 5. Nf3 c5 6. d4 cxd4 7. Nxd4 Nc6 8. Nc2 d6 9. 0-0 Be6 10. Nd5 Rc8 11. Rb1 Qd7 12. Bg5 h6 13. Bxf6 exf6 14. Nce3 g5 15. b3 Rfe8 16. Qd2 f5 17. f4 g4 18. Nc2 h5 19. e3 h4 20. Rfd1 Rcd8 21. Kf2 h3 22. Bh1 Kf8 23. a4 Qc8 24. Nc3 a6 25. Nd5 Qb8 26. Nb6 Qa7 27. a5 Qb8 28. Bd5 Qc7 29. b4 Ne7 30. Nd4 Bxd5 31. cxd5 Bxd4 32. exd4 Ng8 33. Rbc1 Qe7 34. Re1 Qf6 35. Rxe8+ Kxe8 36. Qe3+ Kf8 37. Rc7 Kg7 38. Rxb7 Qg6 39. Ke2 Nf6 40. Kd3 Ne4 41. Rc7 Re8 42. Nd7 Nf6 43. Qe6 Rxe6 44. dxe6 Nd5 0-1